| Tag |
First Indicator |
Second Indicator |
Subfields |
| LEADER |
00000cam a2200000 a 4500 |
| 001 |
in00000016593 |
| 005 |
20151007052818.0 |
| 008 |
870515s1988 cau b 00110beng |
| 010 |
|
|
|a 87007043
|
| 020 |
|
|
|a 0804714177 :
|c $34.00 (est.)
|
| 035 |
|
|
|a (OCoLC)16004560
|
| 035 |
|
|
|9 AAA9284AM
|
| 040 |
|
|
|a DLC
|c DLC
|d TXA
|d UtOrBLW
|
| 049 |
|
|
|a TXAM
|c [A11464612]
|
| 050 |
0 |
0 |
|a KD621.C34
|b H55 1988
|
| 082 |
0 |
|
|a 347.42/014
|a B
|a 344.20714
|a B
|2 19
|
| 100 |
1 |
|
|a Hill, L. M.
|q (Lamar M.)
|
| 245 |
1 |
0 |
|a Bench and bureaucracy :
|b the public career of Sir Julius Caesar, 1580-1636 /
|c L.M. Hill.
|
| 264 |
|
1 |
|a Stanford, Calif. :
|b Stanford University Press,
|c 1988.
|
| 300 |
|
|
|a xv, 316 pages ;
|c 23 cm.
|
| 336 |
|
|
|a text
|b txt
|2 rdacontent
|
| 337 |
|
|
|a unmediated
|b n
|2 rdamedia
|
| 338 |
|
|
|a volume
|b nc
|2 rdacarrier
|
| 504 |
|
|
|a Bibliography: pages [298]-304.
|
| 500 |
|
|
|a Includes index.
|
| 600 |
1 |
0 |
|a Caesar, Julius,
|c Sir,
|d 1558-1636.
|
| 650 |
|
0 |
|a Judges
|z Great Britain
|v Biography.
|
| 999 |
|
|
|a MARS
|
| 999 |
f |
f |
|s 57ebc578-becd-31eb-ab38-48e1508f9b8a
|i 35b6d4a4-24f7-3393-87dd-b8b73680ea04
|t 0
|
| 952 |
f |
f |
|p ric
|a Texas A&M University
|b Rellis Campus
|c Joint Library Facility
|d Remote Storage
|t 0
|e KD621.C34 H55 1988
|h Library of Congress classification
|i unmediated -- volume
|m A14811464612
|
| 998 |
f |
f |
|a KD621.C34 H55 1988
|t 0
|l Remote Storage
|